| 000 | 01175nac a22002891u 4500 | ||
|---|---|---|---|
| 010 | _a 2002108381 | ||
| 020 | _a0120735512 | ||
| 035 | _a(DLC)12815008 | ||
| 082 | 0 | 0 |
_a620.11 _bBAI |
| 090 |
_c5542 _d5542 |
||
| 100 | _aBaillie, Caroline. | ||
| 245 | 0 | 0 |
_aNavigating the materials world : _ba guide to understanding materials behavior / _cedited by Caroline Baillie, Linda Vanasupa. |
| 246 | 3 | 0 | _aGuide to understanding materials behavior |
| 246 | 3 | 0 | _aUnderstanding materials behavior |
| 260 |
_aAmsterdam ; _aBoston : _bAcademic,c2003. _cc2003. |
||
| 300 |
_axiii, 242 p. : _bill. (some col.) ; _c26 cm. |
||
| 500 | _aIncludes index. | ||
| 500 | _aDistributer : Al-Ahram. | ||
| 511 | _aCatalogued By : Mahitab. | ||
| 650 | 0 | _aMaterials science. | |
| 700 | 1 | _aBaillie, Caroline. | |
| 700 | 1 | _aVanasupa, Linda. | |
| 856 | 4 | 1 |
_3Table of contents _uhttp://www.loc.gov/catdir/toc/els051/2002108381.html |
| 856 | 4 | 1 |
_3Publisher description _uhttp://www.loc.gov/catdir/description/els051/2002108381.html |
| 942 |
_cBB _k620.11BAI |
||
| 999 |
_c5542 _d5542 |
||